| 000 | 00887nam a2200217 a 4500 | ||
|---|---|---|---|
| 008 | 120416s1983 ||||||||||||||||| || u | ||
| 020 | _a0471103527 | ||
| 050 | _aH 62 Soc | ||
| 100 | _aBulmer, Martin | ||
| 245 | 1 | 0 |
_aSocial research in developing countries: surveys and censuses in the third world _cedited by Martin Bulmer |
| 260 |
_aChichester: _bJohn Wiley and Sons _c1983 |
||
| 300 | _axviii, 383p. : ill | ||
| 350 | _a0.00 | ||
| 490 | _aSocial development in the Third World | ||
| 500 | _aIncludes bibliographies and indexes. | ||
| 650 | _aSOCIAL SCIENCES--RESEARCH--DEVELOPING COUNTRIES | ||
| 650 | _aSOCIAL SURVEYS--DEVELOPING COUNTRIES | ||
| 650 | _aDEVELOPING COUNTRIES--CENSUS | ||
| 700 | _aWarwick, Donald P | ||
| 995 |
_D0.00 _FCBU-MAIN LIBRARY (Kitwe) _H1 _I24.50 _M1 _UAVAILABLE _ZMain Library Open Access Collection |
||
| 999 |
_c57734 _d57734 |
||